000 00696nam a2200217Ia 4500
008 220216s9999 xx 000 0 und d
100 _aSreelatha S
245 0 _aIdentification of new ethylene receptor from bark tissue of Hevea brasiliensis
260 _bPLACROSYM XIX, 7-10 December 2010, Kottayam. Climate Change. 19th Biennial Symposium on Plantation Crops. Abstracts.pp.83-84.
650 _aEthylene receptor
650 _aPolygenetic tree
650 _aSignal tranfunction
650 _aStimulation
700 _aHall Brenda P
700 _aHill Kristine
700 _aJacob J
700 _aKrishnakumar R
700 _aSathik M B M
700 _aSchaller G E
942 _cBS
999 _c52193
_d52193